000 00337nam a2200133 i 4500
001 bg
100 1 _aREGULSKI, S.
245 0 _aDane techniczno-eksploatacyjne maszyn i ciągników rolniczych /
_cS. Regulski.
260 _aWarszawa,
_c1980.
040 _cBPK
041 _apol
942 _cKS
008 s pl f |000 0 pol
999 _c2557
_d2557
856 _uhttp://koha.tu.koszalin.pl/cgi-bin/koha/opac-detail.pl?biblionumber=2557
_yKatalog online BPK